000 00781nam a22002537a 4500
003 OSt
005 20180404141802.0
008 160920b xxu||||| |||| 00| 0 eng d
020 _a84-415-1846-7
040 _cCRI
082 _a006.7
100 1 _939748
_aCrowder, David
245 _aCreación y diseño Web.
_cDavid Crowder, Andrew Bailey; Editor Manuel Ruiz Calderón.
260 _aMadrid
_bANAYA
_c200'5
300 _a1020 p.
_bil.
_c23 cm.
500 _aÍndice: p. [9]
546 _aTraducido por: Manuel Pastor.
650 1 0 _91593
_aPáginas Web
_xDiseño
700 1 _939749
_aBailey, Andrew
700 1 _939745
_aRuiz,Víctor Manuel.
700 1 _939752
_aPoza Melero, Cecilia
700 1 _939750
_aGómez Pastor, José Manuel‏
942 _2ddc
_cBK
_hprozim
999 _c25940
_d25940